000 00924nam a2200265 a 4500
001 000023060
005 20200930021948.0
008 101125s1999 sp a 001 0 spa d
020 _a8483220776
040 _aDO-SdBNP
_bspa
_cBNPHU
082 _a005.133
_bB329d
100 1 _aBates, Jon
_947467
240 1 0 _aUsing Visual C++ 6.
_lEspañol
245 1 0 _aDescubre visual C++ 6 /
_cJon Bates, Tim Tomkins ; traducción de Rafael García-Bermejo.
260 _aMadrid :
_bPrentice Hall,
_c1999.
300 _aMadrid :
_bPrentice Hall, ;
_c1999.
500 _aIncluye índice analítico y glosario.
534 _aTítulo original:
_tUsing Visual C++ 6.
650 4 _aVisual c ++6 (lenguaje de programación de computadores)
_947468
650 4 _aC (lenguaje de programacion de computadores)
_947469
700 1 _aGarcía-Bermejo, Rafael,
_etr.
_947470
700 1 _aTomkins, Tim
_947471
910 _aWM
049 _aBNGR
999 _c22557
_d22557